[Event "Bul champseniors 2011"]
[Site "?"]
[Date "2011.05.14"]
[Round "1.4"]
[White "Popov, Georgi"]
[Black "Kostov, Nikolay"]
[Result "1-0"]
[WhiteElo "2165"]
[BlackElo "1995"]
[PlyCount "41"]
[EventDate "2011.05.15"]
[SourceDate "2011.05.15"]

1. e4 e5 2. Nf3 Nc6 3. Bc4 Bc5 4. c3 Nf6 5. d3 h6 6. Bb3 d6 7. h3 O-O 8. O-O
Re8 9. Re1 d5 10. Qe2 dxe4 11. dxe4 a6 12. Bxf7+ Kxf7 13. Qc4+ Be6 14. Qxc5 Qd3
15. Qxc6 Qxb1 16. Qxc7+ Re7 17. Nxe5+ Ke8 18. Qxe7+ Kxe7 19. Rxb1 Bxa2 20. Ra1
Bg8 21. f3 1-0

[Event "Bul champseniors 2011"]
[Site "?"]
[Date "2011.05.14"]
[Round "1.12"]
[White "Videnov, Ivan"]
[Black "Sapareva, Magdalena"]
[Result "1-0"]
[WhiteElo "2062"]
[BlackElo "1677"]
[PlyCount "85"]
[EventDate "2011.05.15"]
[SourceDate "2011.05.15"]

1. c4 c5 2. g3 e6 3. e4 Nc6 4. Bg2 Nge7 5. Nc3 a6 6. Nge2 Ng6 7. d3 Be7 8. a3
O-O 9. O-O h6 10. f4 Nd4 11. Be3 Nxe2+ 12. Qxe2 d6 13. Qh5 Nh8 14. h4 f6 15.
Rad1 f5 16. exf5 Rxf5 17. Qe2 Rb8 18. g4 Rf8 19. g5 hxg5 20. fxg5 Bd7 21. Rxf8+
Bxf8 22. Rf1 Bc6 23. Bh3 Bd7 24. Qg4 Ng6 25. d4 cxd4 26. Qxd4 Qe7 27. h5 Ne5
28. g6 Nc6 29. Qf4 Nd8 30. Ne4 e5 31. Qxf8+ Qxf8 32. Rxf8+ Kxf8 33. Bxd7 Ke7
34. Bf5 Nc6 35. Bg5+ Kf8 36. Nxd6 Ne7 37. Be6 Ng8 38. Nf5 b5 39. c5 b4 40. a4
Rb7 41. c6 Rc7 42. Bd7 a5 43. Bd8 1-0

[Event "Bul champseniors 2011"]
[Site "?"]
[Date "2011.05.14"]
[Round "1.5"]
[White "Ivanov, Dimitar"]
[Black "Vachev, Vladimir"]
[Result "0-1"]
[WhiteElo "1966"]
[BlackElo "2149"]
[PlyCount "94"]
[EventDate "2011.05.15"]
[SourceDate "2011.05.15"]

1. d4 Nf6 2. e3 Nc6 3. Nd2 e5 4. dxe5 Nxe5 5. Ngf3 Nxf3+ 6. Nxf3 d5 7. Bd3 Bg4
8. h3 Bh5 9. Bd2 Bd6 10. c4 c6 11. cxd5 Nxd5 12. Be2 Qe7 13. O-O O-O 14. Re1
Rad8 15. Qc1 Bb4 16. Bxb4 Nxb4 17. Rd1 Bxf3 18. Bxf3 Rxd1+ 19. Qxd1 Rd8 20. Qe2
a6 21. a3 Nd3 22. Qc2 Ne5 23. Be4 g6 24. Rd1 Rxd1+ 25. Qxd1 Nc4 26. Qd4 Nd6 27.
Bd3 Ne8 28. b4 Nc7 29. Bc4 Nb5 30. Bxb5 axb5 31. e4 h5 32. f4 b6 33. e5 c5 34.
bxc5 Qxc5 35. Qf2 h4 36. Kf1 Qc1+ 37. Ke2 Qb2+ 38. Kf3 Qxa3+ 39. Kg4 Qg3+ 40.
Qxg3 hxg3 41. Kxg3 Kf8 42. Kf3 Ke7 43. Ke4 Ke6 44. Kd4 b4 45. h4 b5 46. h5 gxh5
47. Ke4 f5+ 0-1

[Event "Bul champseniors 2011"]
[Site "?"]
[Date "2011.05.14"]
[Round "1.9"]
[White "Atanasov, Stoyan"]
[Black "Ribarov, Plamen"]
[Result "0-1"]
[WhiteElo "1865"]
[BlackElo "2068"]
[PlyCount "96"]
[EventDate "2011.05.15"]
[SourceDate "2011.05.15"]

1. e4 c6 2. Nc3 d5 3. d3 dxe4 4. Nxe4 Bf5 5. Ng3 Bg6 6. Nf3 e6 7. Be2 Bd6 8.
O-O Nd7 9. Bg5 Qc7 10. Ne4 Ngf6 11. Nxd6+ Qxd6 12. Qd2 Nd5 13. Bh4 Qf4 14. Bg3
Qxd2 15. Nxd2 N7b6 16. c3 O-O-O 17. d4 Rd7 18. a4 Rhd8 19. a5 Na8 20. Nc4 Nac7
21. Ne5 Re7 22. a6 f6 23. axb7+ Kxb7 24. Nxg6 hxg6 25. Bd3 g5 26. Rfe1 Nf4 27.
Bxf4 gxf4 28. Re4 g5 29. Bc4 e5 30. Rae1 Rde8 31. Kf1 Nb5 32. d5 Nd6 33. dxc6+
Kxc6 34. Bb3 Nxe4 35. Ba4+ Kd5 36. Bxe8 Rxe8 37. Rd1+ Kc6 38. Ra1 Re7 39. f3
Nd6 40. Ra6+ Kd5 41. b3 Ne8 42. Ke2 f5 43. Rg6 g4 44. fxg4 fxg4 45. Rxg4 Rg7
46. Rxg7 Nxg7 47. h4 Nf5 48. h5 e4 0-1

[Event "Bul champseniors 2011"]
[Site "?"]
[Date "2011.05.14"]
[Round "1.6"]
[White "Mitov, Borislav"]
[Black "Mahlev, Atanas"]
[Result "1-0"]
[WhiteElo "2101"]
[BlackElo "1939"]
[PlyCount "79"]
[EventDate "2011.05.15"]
[SourceDate "2011.05.15"]

1. c4 e6 2. Nc3 d5 3. d4 Nf6 4. cxd5 exd5 5. Bg5 Be7 6. e3 h6 7. Bh4 O-O 8. Qc2
b6 9. Nf3 Ba6 10. Bxa6 Nxa6 11. O-O Nb4 12. Qe2 Ne4 13. Bxe7 Qxe7 14. a3 Nxc3
15. bxc3 Nc6 16. Qb5 Qd6 17. c4 dxc4 18. Qxc4 Na5 19. Qa2 c6 20. Rac1 Rac8 21.
Rc3 Qd5 22. Qxd5 cxd5 23. Rfc1 Nc4 24. Ne5 b5 25. e4 dxe4 26. Nxc4 bxc4 27.
Rxc4 Rxc4 28. Rxc4 Rd8 29. Kf1 Rd7 30. Ke2 f5 31. Ke3 g6 32. Kf4 Re7 33. d5 Kf8
34. Rc8+ Kf7 35. d6 Rd7 36. Ke5 f4 37. Rc7 Ke8 38. Ke6 Rd8 39. d7+ Kf8 40. Rc8
1-0

[Event "Bul champseniors 2011"]
[Site "?"]
[Date "2011.05.14"]
[Round "1.13"]
[White "Berberyan, Maruke"]
[Black "Karadimov, Marin"]
[Result "0-1"]
[WhiteElo "1583"]
[BlackElo "2060"]
[PlyCount "64"]
[EventDate "2011.05.15"]
[SourceDate "2011.05.15"]

1. d4 Nf6 2. c4 c5 3. Nf3 cxd4 4. Qxd4 Nc6 5. Qd1 g6 6. Nc3 Bg7 7. g3 Qa5 8.
Bg2 Ne4 9. Bd2 Nxc3 10. bxc3 Bxc3 11. O-O Bxd2 12. Nxd2 O-O 13. e3 d6 14. a3
Be6 15. Qe2 Rfc8 16. Rfe1 Qa6 17. Rab1 Na5 18. Rb5 Nxc4 19. Rb4 Nxd2 20. Qxd2
Rab8 21. Qb2 b6 22. Rd1 h5 23. h4 Rc7 24. Bd5 Bxd5 25. Rxd5 Rc5 26. e4 Rxd5 27.
exd5 Rc8 28. Re4 Rc7 29. Qe2 Qxe2 30. Rxe2 Kf8 31. Re4 Rc5 32. Ra4 a5 0-1

[Event "Bul champseniors 2011"]
[Site "?"]
[Date "2011.05.14"]
[Round "1.8"]
[White "Anev, Asen"]
[Black "Nikolov, Savko"]
[Result "1-0"]
[WhiteElo "2072"]
[BlackElo "1920"]
[PlyCount "83"]
[EventDate "2011.05.15"]
[SourceDate "2011.05.15"]

1. d4 Nf6 2. c4 e6 3. Nf3 c5 4. d5 b5 5. cxb5 exd5 6. e3 Be7 7. Be2 O-O 8. O-O
Bb7 9. b3 Ne4 10. Bb2 Bf6 11. Qc2 d6 12. Rd1 Nd7 13. Nc3 Nxc3 14. Bxc3 Rc8 15.
Qb2 Re8 16. Rd2 Ne5 17. Rad1 Re7 18. a4 Qc7 19. Ne1 Rce8 20. Nd3 Nxd3 21. Bxd3
Be5 22. Bf1 Qd7 23. g3 Qg4 24. h3 Qh5 25. Bg2 Bxg3 26. fxg3 Rxe3 27. Rd3 d4 28.
Bxb7 dxc3 29. Qc1 c2 30. Qxc2 Qxh3 31. Qg2 Rxd3 32. Rxd3 Re1+ 33. Kf2 Qe6 34.
Qf3 Rb1 35. Qe2 Qf6+ 36. Kg2 g6 37. Bd5 h5 38. a5 h4 39. Qe8+ Kg7 40. Qxf7+
Qxf7 41. Bxf7 Kxf7 42. b6 1-0

[Event "Bul champseniors 2011"]
[Site "?"]
[Date "2011.05.14"]
[Round "1.7"]
[White "Kolev, Velio"]
[Black "Stoyanov, Stoyan "]
[Result "1/2-1/2"]
[WhiteElo "1936"]
[BlackElo "2096"]
[PlyCount "122"]
[EventDate "2011.05.15"]
[SourceDate "2011.05.15"]

1. e4 c5 2. Nf3 Nc6 3. g3 g6 4. Bg2 Bg7 5. O-O d6 6. c3 Nf6 7. d3 O-O 8. h3 Qc7
9. Be3 Rb8 10. Qc2 b5 11. d4 Nd7 12. Nbd2 b4 13. Rab1 a5 14. Rfc1 Ba6 15. h4 e6
16. Nf1 c4 17. Qd2 Rfc8 18. Bh6 Bf6 19. N1h2 Be7 20. Bg5 f6 21. Be3 d5 22. exd5
exd5 23. Bh3 f5 24. h5 Nf6 25. Bf4 Bd6 26. Bxd6 Qxd6 27. hxg6 hxg6 28. Qh6 Ne4
29. Ng5 Rc7 30. Bg2 Rg7 31. Bxe4 fxe4 32. Kg2 Ne7 33. g4 Bc8 34. Rh1 Kf8 35.
Nh7+ Kg8 36. Ng5 Qf4 37. Nf1 Qxg4+ 38. Ng3 Kf8 39. Rh4 Ng8 40. Rxg4 Nxh6 41.
Rf4+ Nf5 42. cxb4 axb4 43. f3 exf3+ 44. Kxf3 Ke8 45. Re1+ Re7 46. Rxe7+ Kxe7
47. Nxf5+ gxf5 48. Rh4 Kf6 49. Nh3 Ra8 50. Rh8 Bb7 51. Rh7 Bc8 52. Rh8 Rxa2 53.
Rxc8 Rxb2 54. Nf4 Rb3+ 55. Ke2 Kg5 56. Nxd5 c3 57. Rc4 Rb2+ 58. Ke1 Rb1+ 59.
Kf2 Rb2+ 60. Kf1 Rb1+ 61. Ke2 Rb2+ 1/2-1/2

[Event "Bul champseniors 2011"]
[Site "?"]
[Date "2011.05.14"]
[Round "1.1"]
[White "Tsenukov, Angel"]
[Black "Orev, Petar"]
[Result "0-1"]
[WhiteElo "2056"]
[BlackElo "2224"]
[PlyCount "76"]
[EventDate "2011.05.15"]
[SourceDate "2011.05.15"]

1. e4 Nf6 2. e5 Nd5 3. d4 d6 4. c4 Nb6 5. exd6 cxd6 6. Nc3 g6 7. Bd3 Nc6 8. Be3
Bg7 9. Nge2 O-O 10. O-O Bg4 11. f3 Bf5 12. Bxf5 gxf5 13. Qd3 d5 14. Qxf5 e6 15.
Qh5 Nxc4 16. Bf2 Nxb2 17. Rab1 Nc4 18. Rfd1 b6 19. Rd3 Qf6 20. f4 Qg6 21. Qh3
Qh6 22. Qg4 f5 23. Qf3 Rf7 24. Kh1 Nd6 25. g4 fxg4 26. Qxg4 Qg6 27. Qf3 Ne4 28.
Rdd1 Qg4 29. Qe3 Nxc3 30. Nxc3 Qxf4 31. Qxf4 Rxf4 32. Bg3 Rxd4 33. Nb5 Rxd1+
34. Rxd1 Be5 35. Bxe5 Nxe5 36. Nd4 Re8 37. Re1 Ng6 38. Nxe6 h6 0-1

[Event "Bul champseniors 2011"]
[Site "?"]
[Date "2011.05.14"]
[Round "1.2"]
[White "Arnaudov, Petar"]
[Black "Artunov, Kirkor"]
[Result "0-1"]
[WhiteElo "2189"]
[BlackElo "2038"]
[PlyCount "96"]
[EventDate "2011.05.15"]
[SourceDate "2011.05.15"]

1. d4 d5 2. Bg5 h6 3. Bh4 c6 4. Nc3 Qb6 5. Rb1 Nd7 6. f3 e5 7. e3 Bd6 8. Nge2
Ne7 9. Bf2 Qc7 10. Ng3 exd4 11. exd4 Bb4 12. Bd3 Qa5 13. O-O Nf6 14. Re1 O-O
15. a3 Bd6 16. Nce2 b5 17. c3 Qc7 18. Qc2 a5 19. Kh1 a4 20. Nf1 Nh5 21. g4 Nf4
22. Nxf4 Bxf4 23. Bg3 Be6 24. Qc1 Bxc1 25. Bxc7 Bg5 26. Bg3 Rfe8 27. f4 Bf6 28.
f5 Bd7 29. Nd2 h5 30. h3 hxg4 31. hxg4 g6 32. Rf1 gxf5 33. gxf5 Kg7 34. Be5
Rh8+ 35. Kg2 Rh5 36. Nf3 Bxf5 37. Bxf5 Rxf5 38. Bxf6+ Kxf6 39. Ne5 Rg8+ 40. Kh3
Rg7 41. Rbe1 Rxf1 42. Rxf1+ Ke6 43. Nd3 Ng6 44. Nc5+ Kd6 45. Kg4 Ne5+ 46. Kf4
Nc4 47. Rb1 Rg2 48. Nd3 Rd2 0-1

[Event "Bul champseniors 2011"]
[Site "?"]
[Date "2011.05.15"]
[Round "2.2"]
[White "Cholakov, Stefan"]
[Black "Andreev, Dobrotich"]
[Result "1-0"]
[WhiteElo "2177"]
[BlackElo "2065"]
[PlyCount "37"]
[EventDate "2011.05.15"]
[SourceDate "2011.05.15"]

1. d4 d5 2. c4 e6 3. Nf3 Nf6 4. e3 Nbd7 5. Nbd2 c6 6. Bd3 Bd6 7. O-O O-O 8. Qe2
e5 9. cxd5 Nxd5 10. Nc4 Qe7 11. dxe5 Nxe5 12. Nfxe5 Bxe5 13. Bxh7+ Kxh7 14.
Qh5+ Kg8 15. Qxe5 Qh4 16. b3 Bg4 17. f3 Bh5 18. e4 Rfe8 19. Bg5 1-0

[Event "Bul champseniors 2011"]
[Site "?"]
[Date "2011.05.15"]
[Round "2.1"]
[White "Orev, Petar"]
[Black "Ribarov, Plamen"]
[Result "1-0"]
[WhiteElo "2224"]
[BlackElo "2068"]
[PlyCount "57"]
[EventDate "2011.05.15"]
[SourceDate "2011.05.15"]

1. e4 c6 2. Nf3 d5 3. Nc3 Bg4 4. h3 Bxf3 5. Qxf3 e6 6. Be2 Nd7 7. O-O dxe4 8.
Nxe4 Ngf6 9. d4 Nxe4 10. Qxe4 Nf6 11. Qd3 Bd6 12. c4 Qc7 13. Bd2 Bf4 14. Bc3
O-O-O 15. b4 Rhe8 16. g3 Bd6 17. f4 h5 18. h4 b6 19. Bf3 c5 20. bxc5 Bxc5 21.
Qe3 Be7 22. Qe2 Ng4 23. Rab1 Bf6 24. c5 Kd7 25. Rfc1 Rb8 26. Qb5+ Kd8 27. cxb6
axb6 28. Qxh5 Nh6 29. Be4 1-0

[Event "Bul champseniors 2011"]
[Site "?"]
[Date "2011.05.15"]
[Round "2.6"]
[White "Artunov, Kirkor"]
[Black "Anev, Asen"]
[Result "1-0"]
[WhiteElo "2038"]
[BlackElo "2072"]
[PlyCount "71"]
[EventDate "2011.05.15"]
[SourceDate "2011.05.15"]

1. d4 Nf6 2. Nd2 d5 3. g3 Bf5 4. c3 e6 5. Qb3 Qc8 6. Bg2 Nbd7 7. Ngf3 h6 8. Ne5
Bd6 9. Nxd7 Nxd7 10. e4 dxe4 11. Nxe4 Bxe4 12. Bxe4 c6 13. f4 Nf6 14. Bf3 O-O
15. O-O Qc7 16. Be3 Qb6 17. Qc2 Rac8 18. Rae1 Nd5 19. Bc1 c5 20. dxc5 Bxc5+ 21.
Kg2 Nf6 22. f5 exf5 23. Qxf5 Rfe8 24. h4 Bf8 25. g4 Rc5 26. Qf4 Bd6 27. Rxe8+
Nxe8 28. Qa4 Re5 29. Rd1 Qb5 30. Qxb5 Rxb5 31. a4 Rb6 32. a5 Rb5 33. a6 Be5 34.
Rd8 Kf8 35. axb7 Ke7 36. Rxe8+ 1-0

[Event "Bul champseniors 2011"]
[Site "?"]
[Date "2011.05.15"]
[Round "2.7"]
[White "Stoyanov, Stoyan"]
[Black "Dimitrov, Notyo"]
[Result "1-0"]
[WhiteElo "2096"]
[BlackElo "1791"]
[PlyCount "77"]
[EventDate "2011.05.15"]
[SourceDate "2011.05.15"]

1. e4 e5 2. Nf3 Nc6 3. Bc4 Bc5 4. b4 Bxb4 5. c3 Be7 6. d4 exd4 7. O-O d6 8.
cxd4 Nf6 9. Nc3 O-O 10. h3 Na5 11. Bd3 c5 12. d5 Nd7 13. Bf4 Bf6 14. Rc1 c4 15.
Bb1 Ne5 16. Nxe5 dxe5 17. Be3 Be7 18. f4 exf4 19. Bxf4 Qb6+ 20. Kh1 Ba3 21. Rc2
Bd7 22. Re2 Bb4 23. Be3 Bc5 24. Bxc5 Qxc5 25. e5 Rad8 26. Ne4 Qc8 27. Qc2 f5
28. exf6 Be8 29. Nd6 Bg6 30. Nxc8 Bxc2 31. Ne7+ Kh8 32. Bxc2 gxf6 33. Re6 Rd7
34. d6 a6 35. Be4 Kg7 36. Nf5+ Kh8 37. Re7 Rfd8 38. Rf3 Nc6 39. Bxc6 1-0

[Event "Bul champseniors 2011"]
[Site "?"]
[Date "2011.05.15"]
[Round "2.13"]
[White "Sapareva, Magdalena"]
[Black "Ivanov, Dimitar"]
[Result "0-1"]
[WhiteElo "1677"]
[BlackElo "1966"]
[PlyCount "102"]
[EventDate "2011.05.15"]
[SourceDate "2011.05.15"]

1. d4 d5 2. c4 e6 3. e3 Nf6 4. a3 Be7 5. Nf3 O-O 6. Be2 Nbd7 7. Nc3 a5 8. b3 c6
9. O-O Re8 10. Ne5 Nf8 11. f4 Ng6 12. Nxg6 hxg6 13. Bf3 Qc7 14. e4 dxe4 15.
Nxe4 Nxe4 16. Bxe4 Bf6 17. Ra2 b6 18. Bb2 Bb7 19. Qf3 Rad8 20. Rd1 Rd7 21. Bc3
Red8 22. Rad2 Be7 23. b4 axb4 24. axb4 Ra8 25. b5 cxb5 26. Bxb7 Qxb7 27. Qxb7
Rxb7 28. cxb5 Bf6 29. Kf2 Ra3 30. Rd3 Rb3 31. g4 Rxb5 32. g5 Be7 33. d5 exd5
34. Rxd5 Rxd5 35. Rxd5 b5 36. h4 b4 37. Be5 b3 38. Bb2 f5 39. Ke3 Kf7 40. Rd3
Bc5+ 41. Kd2 Bf2 42. Rh3 Ke6 43. Ke2 Bc5 44. h5 gxh5 45. Rxh5 Kf7 46. Kd3 Kg6
47. Rh1 Bd6 48. Rh4 Rb4 49. Ke3 Re4+ 50. Kd3 Rxf4 51. Rxf4 Bxf4 0-1

[Event "Bul champseniors 2011"]
[Site "?"]
[Date "2011.05.15"]
[Round "2.5"]
[White "Karadimov, Marin"]
[Black "Borislav, Mitov"]
[Result "1-0"]
[WhiteElo "2060"]
[BlackElo "2101"]
[PlyCount "75"]
[EventDate "2011.05.15"]
[SourceDate "2011.05.15"]

1. b3 Nf6 2. c4 d6 3. Bb2 e5 4. Nc3 Be7 5. g3 O-O 6. Bg2 c6 7. d4 Nbd7 8. e3
Re8 9. Nge2 Qc7 10. O-O Nf8 11. h3 Ng6 12. Rc1 Bd7 13. Kh2 Rad8 14. Qc2 Bf8 15.
b4 exd4 16. Nxd4 Qc8 17. e4 h5 18. f4 h4 19. g4 Bxg4 20. hxg4 Nxg4+ 21. Kh1 Ne3
22. Qd3 Nxf1 23. Rxf1 Be7 24. Bh3 Qc7 25. Bc1 d5 26. cxd5 Bxb4 27. Nf5 Qa5 28.
Bb2 Qc7 29. Qd4 Bxc3 30. Bxc3 f6 31. d6 Qf7 32. Rg1 Kf8 33. Nxg7 Nxf4 34. Bf1
Ne6 35. Qxf6 Qxf6 36. Bxf6 Nxg7 37. Bxg7+ Kf7 38. e5 1-0

[Event "Bul champseniors 2011"]
[Site "?"]
[Date "2011.05.15"]
[Round "2.4"]
[White "Vachev, Vladimir"]
[Black "Videnov, Ivan"]
[Result "1-0"]
[WhiteElo "2149"]
[BlackElo "2062"]
[PlyCount "77"]
[EventDate "2011.05.15"]
[SourceDate "2011.05.15"]

1. Nf3 Nf6 2. c4 c5 3. Nc3 Nc6 4. g3 e5 5. Bg2 d6 6. d3 Be7 7. O-O O-O 8. Bg5
Ne8 9. Bd2 Nc7 10. Ne1 Bd7 11. Nc2 Rb8 12. Ne3 Bg5 13. f4 exf4 14. gxf4 Bf6 15.
Rb1 Bd4 16. Kh1 Ne7 17. Ne4 Bxe3 18. Bxe3 Nf5 19. Bf2 Bc6 20. Rg1 Nh4 21. Bxh4
Qxh4 22. Qd2 Rbd8 23. b3 Ne6 24. Rbf1 f5 25. Nc3 Bxg2+ 26. Rxg2 Kh8 27. Nd5 Rf7
28. Rfg1 Nc7 29. Nc3 Qf6 30. Rg3 Re7 31. e4 Rde8 32. Rg5 g6 33. exf5 gxf5 34.
Qg2 Qf7 35. Ne4 Rxe4 36. dxe4 Ne6 37. Rxf5 Qg7 38. Qxg7+ Nxg7 39. Rf7 1-0

[Event "Bul champseniors 2011"]
[Site "?"]
[Date "2011.05.15"]
[Round "2.14"]
[White "Mahlev, Atanas"]
[Black "Berberyan, Maruke"]
[Result "1-0"]
[WhiteElo "1939"]
[BlackElo "1583"]
[PlyCount "49"]
[EventDate "2011.05.15"]
[SourceDate "2011.05.15"]

1. e4 d6 2. d4 Nf6 3. f3 g6 4. c4 c6 5. Nc3 Bg7 6. Be3 O-O 7. Qd2 Nbd7 8. O-O-O
e5 9. d5 a5 10. dxc6 bxc6 11. Qxd6 Bb7 12. Na4 Qb8 13. Qxb8 Raxb8 14. c5 Rfc8
15. Bc4 Bf8 16. Ne2 Be7 17. a3 Rc7 18. Rd2 Ba8 19. Rc2 h5 20. Ba2 Kg7 21. Nec3
Nf8 22. Rd1 Ne6 23. Bxe6 fxe6 24. Nb6 Ne8 25. Nc4 1-0

[Event "Bul champseniors 2011"]
[Site "?"]
[Date "2011.05.15"]
[Round "2.9"]
[White "Nikolov, Savko"]
[Black "Arnaudov, Petar"]
[Result "0-1"]
[WhiteElo "1920"]
[BlackElo "2189"]
[PlyCount "88"]
[EventDate "2011.05.15"]
[SourceDate "2011.05.15"]

1. d4 Nf6 2. c4 e6 3. Nf3 Bb4+ 4. Bd2 a5 5. a3 Bxd2+ 6. Qxd2 b6 7. g3 Bb7 8.
Bg2 O-O 9. O-O d6 10. Nc3 Nbd7 11. b4 e5 12. d5 Ba6 13. b5 Bc8 14. Qc2 Nc5 15.
Nh4 g6 16. e4 Nh5 17. Bf3 Nf4 18. Kh1 Nh3 19. Bg2 a4 20. Ne2 Bd7 21. Rad1 Qg5
22. Nf5 gxf5 23. Bxh3 fxe4 24. Bxd7 Nxd7 25. Qxe4 f5 26. Qc2 Nc5 27. f4 Qg6 28.
g4 fxg4 29. f5 Qg5 30. Ng3 Rf6 31. Rf2 Re8 32. Ne4 Nxe4 33. Qxe4 Rh6 34. Rg1
Rh4 35. Rfg2 h5 36. c5 Qf4 37. Qe1 Rh3 38. cxb6 cxb6 39. Rg3 Rxg3 40. Qxg3 Rc8
41. h3 Qxg3 42. Rxg3 Rc4 43. hxg4 hxg4 44. Rd3 Kf7 0-1

[Event "Bul champseniors 2011"]
[Site "?"]
[Date "2011.05.15"]
[Round "2.10"]
[White "Atanasov, Stoyan"]
[Black "Tsenukov, Angel"]
[Result "0-1"]
[WhiteElo "1865"]
[BlackElo "2056"]
[PlyCount "90"]
[EventDate "2011.05.15"]
[SourceDate "2011.05.15"]

1. e4 c5 2. Nc3 Nc6 3. g3 g6 4. Bg2 Bg7 5. d3 d6 6. f4 Nf6 7. h3 O-O 8. Nf3 Rb8
9. O-O Bd7 10. Be3 b5 11. a3 a5 12. Qd2 b4 13. axb4 axb4 14. Ne2 Qc7 15. g4 e6
16. Ng3 Ne7 17. g5 Ne8 18. Rab1 d5 19. e5 Nf5 20. Nxf5 gxf5 21. Qf2 d4 22. Bd2
Bc6 23. h4 Qb7 24. h5 h6 25. Qg3 Kh8 26. Rf2 Rg8 27. Kh2 Nc7 28. Nh4 Bxg2 29.
Rxg2 Nd5 30. Rbg1 Qa8 31. Nf3 Ne7 32. Bc1 Qb7 33. Nd2 Qc8 34. Nc4 Qf8 35. Nd6
Rd8 36. g6 fxg6 37. hxg6 Rxd6 38. exd6 Nd5 39. Bd2 Qxd6 40. Re1 Bf6 41. Rge2
Re8 42. Bc1 Kg7 43. Kh1 Bg5 44. Qh2 Bxf4 45. Bxf4 Nxf4 0-1

[Event "Bul champseniors 2011"]
[Site "?"]
[Date "2011.05.15"]
[Round "2.8"]
[White "Orev, Bozhidar"]
[Black "Kolev, Velyo"]
[Result "0-1"]
[WhiteElo "1910"]
[BlackElo "1936"]
[PlyCount "84"]
[EventDate "2011.05.15"]
[SourceDate "2011.05.15"]

1. e4 c5 2. c3 Qa5 3. Nf3 Nc6 4. Na3 d6 5. Nc4 Qc7 6. Ne3 e6 7. d4 Nf6 8. Bd3
Be7 9. O-O O-O 10. h3 a6 11. b3 b5 12. Bb2 Bb7 13. Rc1 Rac8 14. Nh2 Na5 15. f3
cxd4 16. cxd4 Qb6 17. Qd2 Rxc1 18. Rxc1 Rc8 19. Kh1 Rxc1+ 20. Qxc1 Nh5 21. Qe1
Bg5 22. Nhf1 Nc6 23. d5 Ne5 24. Bxe5 dxe5 25. dxe6 Qxe6 26. Bb1 g6 27. Kh2 Qd6
28. g3 Ng7 29. h4 Be7 30. Qc3 Qc5 31. Qd2 Ne6 32. Nd5 Bxd5 33. exd5 Nd4 34. Qe3
Qxd5 35. Be4 Qc5 36. Nd2 Ne6 37. Qe2 h5 38. Kh3 Kg7 39. Bd3 f5 40. a3 Bf6 41.
f4 e4 42. Bb1 Qxa3 0-1

[Event "Bul champseniors 2011"]
[Site "?"]
[Date "2011.05.15"]
[Round "2.3"]
[White "Lyangov, Petar"]
[Black "Popov, Georgi"]
[Result "1-0"]
[WhiteElo "2064"]
[BlackElo "2165"]
[PlyCount "101"]
[EventDate "2011.05.15"]
[SourceDate "2011.05.15"]

1. d4 d5 2. Nf3 Nf6 3. e3 c6 4. Bd3 g6 5. O-O Bg7 6. Nbd2 O-O 7. c3 Bf5 8. Qc2
Bxd3 9. Qxd3 Nbd7 10. Re1 Re8 11. Rd1 Qc7 12. e4 dxe4 13. Nxe4 Rad8 14. Nxf6+
Nxf6 15. Qc2 h6 16. Bd2 Nd7 17. Be3 b6 18. Qb3 e6 19. h3 Kh7 20. Re1 Re7 21.
Rad1 Rde8 22. Qc4 b5 23. Qd3 a6 24. Qd2 e5 25. dxe5 Nxe5 26. Nxe5 Qxe5 27. Qd6
Re6 28. Qxe5 Bxe5 29. Kf1 Kg7 30. Bd4 Bxd4 31. Rxe6 Rxe6 32. Rxd4 Kf6 33. Rd7
c5 34. Rc7 c4 35. a4 Rb6 36. axb5 axb5 37. Ke2 Re6+ 38. Kf3 h5 39. Rd7 Rb6 40.
Rc7 Re6 41. Rc5 Re5 42. Rxe5 Kxe5 43. Ke3 h4 44. g3 hxg3 45. fxg3 f5 46. Kf3 g5
47. Ke3 Kd5 48. h4 Ke6 49. hxg5 Kf7 50. Kf4 Kg6 51. g4 1-0

[Event "Bul champseniors 2011"]
[Site "?"]
[Date "2011.05.15"]
[Round "3.2"]
[White "Karadimov, Marin"]
[Black "Cholakov, Stefan"]
[Result "1/2-1/2"]
[WhiteElo "2060"]
[BlackElo "2177"]
[PlyCount "48"]
[EventDate "2011.05.15"]
[SourceDate "2011.05.15"]

1. e4 c5 2. Nf3 Nc6 3. d4 cxd4 4. Nxd4 g6 5. Nc3 Bg7 6. Nde2 Nf6 7. g3 O-O 8.
Bg2 d6 9. O-O Bd7 10. h3 a6 11. a4 Rc8 12. Nd5 Nxd5 13. exd5 Na5 14. Ra2 Qc7
15. b3 b6 16. Nd4 Nb7 17. Re1 Rfe8 18. Bg5 Qc3 19. Nc6 Bxc6 20. dxc6 Na5 21.
Bd2 Qd4 22. Re4 Qf6 23. Rf4 Qe5 24. Re4 Qf6 1/2-1/2

[Event "Bul champseniors 2011"]
[Site "?"]
[Date "2011.05.15"]
[Round "3.11"]
[White "Nikolov, Savko"]
[Black "Orev, Bozhidar"]
[Result "1-0"]
[WhiteElo "1920"]
[BlackElo "1910"]
[PlyCount "65"]
[EventDate "2011.05.15"]
[SourceDate "2011.05.15"]

1. d4 f5 2. e4 d6 3. Nc3 g6 4. exf5 Bxf5 5. Bd3 Qd7 6. Nd5 Bxd3 7. Qxd3 Bg7 8.
Nf3 Nc6 9. O-O O-O-O 10. Re1 e5 11. Bg5 Re8 12. dxe5 Bxe5 13. Nxe5 dxe5 14.
Rad1 Qf5 15. Qa3 Qf7 16. Be3 a6 17. c4 Nf6 18. Qc5 Nd7 19. Qa3 Nd4 20. Qa4 Ne6
21. b4 Qf8 22. b5 Ndc5 23. bxa6 Nxa6 24. Rb1 Qd6 25. Nf6 Rd8 26. Ne4 Qc6 27.
Qb5 Rhf8 28. Qxc6 bxc6 29. Rb3 c5 30. Ra3 Kb7 31. Rb1+ Nb4 32. Nxc5+ Nxc5 33.
Bxc5 1-0

[Event "Bul champseniors 2011"]
[Site "?"]
[Date "2011.05.15"]
[Round "3.3"]
[White "Artunov, Kirkor"]
[Black "Vachev, Vladimir"]
[Result "0-1"]
[WhiteElo "2038"]
[BlackElo "2149"]
[PlyCount "85"]
[EventDate "2011.05.15"]
[SourceDate "2011.05.15"]

1. d4 Nf6 2. Nd2 d5 3. g3 e6 4. Bg2 Be7 5. Ngf3 O-O 6. Ne5 c5 7. e3 Nc6 8. Ndf3
Nd7 9. Nd3 Bf6 10. c3 b6 11. O-O Ba6 12. Re1 Rc8 13. Nf4 g6 14. h3 b5 15. dxc5
Nxc5 16. a3 Bb7 17. Bf1 a6 18. h4 Ne7 19. Nd3 Na4 20. Nfe5 Qc7 21. Ng4 Bg7 22.
h5 Nf5 23. hxg6 hxg6 24. Bg2 Rfd8 25. Qe2 Qd6 26. Kh2 Nh4 27. Bh1 Rc4 28. f4
Nf5 29. Nge5 Rc7 30. g4 Ne7 31. g5 Nc5 32. Nxc5 Rxc5 33. Nd3 Rc4 34. Bd2 Nf5
35. Rad1 e5 36. Bc1 Qc7 37. Qf1 a5 38. Kg1 Ng3 39. Qg2 Nxh1 40. Qxh1 d4 41. e4
dxc3 42. b3 Rcd4 43. Kf2 0-1

[Event "Bul champseniors 2011"]
[Site "?"]
[Date "2011.05.15"]
[Round "3.1"]
[White "Ljanngov, Petar"]
[Black "Orev, Petar"]
[Result "1/2-1/2"]
[WhiteElo "2064"]
[BlackElo "2224"]
[PlyCount "70"]
[EventDate "2011.05.15"]
[SourceDate "2011.05.15"]

1. Nf3 Nf6 2. b3 g6 3. Bb2 Bg7 4. g3 O-O 5. Bg2 c5 6. c4 Nc6 7. O-O d6 8. d3 a6
9. Nbd2 Rb8 10. Ne1 Bd7 11. Nc2 Qc8 12. Rb1 Bh3 13. d4 Bxg2 14. Kxg2 cxd4 15.
Nxd4 b5 16. Nxc6 Qxc6+ 17. Kg1 bxc4 18. Nxc4 d5 19. Ne5 Qe6 20. Nf3 Ne4 21.
Bxg7 Kxg7 22. Qd4+ Qf6 23. Qxf6+ Kxf6 24. Rfc1 Rfc8 25. Kf1 e5 26. Ke1 d4 27.
Nd2 Nd6 28. Rxc8 Rxc8 29. Nc4 Nxc4 30. bxc4 Rxc4 31. Rb6+ Kf5 32. Rxa6 Rc2 33.
a4 Ra2 34. Ra7 f6 35. Rxh7 Rxa4 1/2-1/2

[Event "Bul champseniors 2011"]
[Site "?"]
[Date "2011.05.15"]
[Round "3.10"]
[White "Videnov, Ivan"]
[Black "Mahlev, Atanas"]
[Result "1-0"]
[WhiteElo "2062"]
[BlackElo "1939"]
[PlyCount "79"]
[EventDate "2011.05.15"]
[SourceDate "2011.05.15"]

1. d4 d5 2. c4 e6 3. Nc3 Nf6 4. Bg5 Nbd7 5. e4 dxe4 6. Nxe4 Be7 7. Nc3 c6 8.
Nf3 b6 9. Bd3 Bb7 10. O-O O-O 11. Rc1 Bd6 12. Ne4 Be7 13. Ng3 c5 14. Bb1 cxd4
15. Nxd4 Rc8 16. Re1 Rc5 17. Be3 Qc8 18. b3 a6 19. Qe2 Re5 20. Nf3 Qc6 21. Qf1
Ra5 22. Bd2 Ra3 23. Rcd1 Bc5 24. h3 b5 25. Bc1 Ra5 26. Ne4 Bb4 27. Bd2 Bxd2 28.
Nfxd2 bxc4 29. Nxc4 Rd5 30. Ned6 Ba8 31. f3 Rd8 32. Qf2 a5 33. Ne4 a4 34. Bc2
Rc8 35. Rc1 Bb7 36. Qe3 Ba6 37. Nxf6+ Nxf6 38. Ne5 Rxe5 39. Qxe5 Ne8 40. Bxh7+
1-0